| 000 | 00000nam##2200000za#4500 |
| 001 | 9.639364 |
| 003 | CaOODSP |
| 005 | 20240202111225 |
| 007 | cr ||||||||||| |
| 008 | 150407|1998||||xxc|||||o f|0| 0 fre|d |
| 040 | |aCaOODSP|bfre |
| 043 | |an-cn--- |
| 086 | 1 |aC89-4/46-1998F-PDF |
| 110 | 2 |aAgence de promotion économique du Canada atlantique. |bDirection de l'entrepreneurship. |
| 245 | 10|aL'enseignement entrepreneurial : la filière atlantique : |h[ressource électronique]|bguide sur l'enseignement entrepreneurial |
| 260 | |aMoncton - Nouveau-Brunswick : |bAgence de promotion économique du Canada atlantique. |c[1998]. |
| 300 | |a60p.|bill. en couleur |
| 500 | |a«[Cette publication] à pour objectif d'aider les enseignants à trouver les ressources utiles à l'enseignement et à l'apprentissage des notions de l'entrepreneurship et ce, à tous les niveau pédagogiques.»--Page iii. |
| 500 | |aLes n° de catalogue (C89-4/46-1998F et C89-4/46-1998E) et les ISBN (0-662-83176-4 et 0-662-27165-3) de l'édition imprimée ont été incorrectement copiés dans cette édition électronique. |
| 504 | |aBibliographie. |
| 520 | 3 |a[Cette publication] à pour objectif d'aider les enseignants à trouver les ressources utiles à l'enseignement et à l'apprentissage des notions de l'entrepreneurship et ce, à tous les niveau pédagogiques.--Page iii |
| 590 | |a11-29-Supp|b2011-11-25 |
| 691 | 07|aÉducation|2gcpds |
| 691 | 07|aEntrepreneuriat|2gcpds |
| 691 | 07|aEnseignant|2gcpds |
| 775 | 08|tOpportunity trails - an Atlantic-wide connection : |w(CaOODSP)9.695218 |
| 776 | 0#|tL'enseignement entrepreneurial: la filière atlantique : |w(CaOODSP)9.680546 |
| 856 | 40|ahttp://publications.gc.ca|qPDF|s293 Ko|uhttps://publications.gc.ca/collections/Collection/C89-4-46-1998F.pdf |